000 00291nam a22001337a 4500
008 171227b xxu||||| |||| 00| 0 eng d
020 _a9781594868542
041 _aeng
080 _a612.39
100 _a10
101 _aNUT
245 _aEAT THIS NOT THAT
_cDAVID.Z
942 _2udc
_cBK
999 _c39490
_d39490